[Event "Landesklasse Ost 2011/2012"]
[Site "?"]
[Date "2011.01.08"]
[Round "5"]
[White "Mitter, Frank"]
[Black "Hilbig, Dieter"]
[Result "0-1"]
[WhiteElo "1759"]
[BlackElo "1858"]
[PlyCount "120"]
[EventDate "2011.??.??"]
[WhiteTeam "SSV Vimaria 91 Weimar"]
[BlackTeam "ESV Gera"]

1. d4 Nf6 2. c4 e6 3. Nc3 d5 4. Bg5 c6 5. e3 Nbd7 6. Nf3 Bd6 7. Bd3 O-O 8. O-O
Re8 9. Qc2 h6 10. Bh4 b6 11. e4 dxe4 12. Nxe4 Be7 13. Rfd1 Nxe4 14. Bxe7 Qxe7
15. Bxe4 Bb7 16. Ne5 Nxe5 17. dxe5 Red8 18. Qe2 Rac8 19. Rxd8+ Rxd8 20. Rd1 Kf8
21. Qf3 Rxd1+ 22. Qxd1 Ke8 23. Bf3 Qc5 24. Qe2 Ke7 25. Kf1 Ba6 26. b3 b5 27.
Kg1 bxc4 28. g3 Qa3 29. bxc4 Qc1+ 30. Kg2 Qxc4 31. Qxc4 Bxc4 32. Bxc6 Bxa2 33.
Kf1 Bb3 34. Ke1 f6 35. exf6+ gxf6 36. Kd2 Kd6 37. Bb5 Kc5 38. Ba6 Bc4 39. Bb7
Kd4 40. Bc6 a5 41. Ba4 e5 42. h3 Ke4 43. Bd1 Be6 44. h4 Kd4 45. Ba4 Kc4 46. Kc2
Kb4 47. Bc6 a4 48. f3 a3 49. Be4 f5 50. Bd3 a2 51. Kb2 Kc5 52. Bc2 h5 53. Bd1
Kd4 54. g4 fxg4 55. fxg4 Bxg4 56. Bxg4 hxg4 57. h5 g3 58. h6 g2 59. h7 g1=Q 60.
h8=Q a1=Q+ 0-1

[Event "Landesklasse Ost 2011/2012"]
[Site "?"]
[Date "2011.01.08"]
[Round "5"]
[White "Steinmüller, Johannes"]
[Black "Latka, Robert"]
[Result "1/2-1/2"]
[WhiteElo "1767"]
[BlackElo "1563"]
[PlyCount "75"]
[EventDate "2011.??.??"]
[WhiteTeam "ESV Gera"]
[BlackTeam "SSV Vimaria 91 Weimar"]

1. e4 e5 2. Nf3 Nf6 3. d3 Nc6 4. Nc3 h6 5. Be2 Bc5 6. Na4 Bb6 7. Bd2 d6 8. O-O
O-O 9. Nxb6 axb6 10. a4 Bd7 11. b3 Ne7 12. Nh4 d5 13. exd5 Nexd5 14. Nf3 Re8
15. c4 Nf4 16. Bxf4 exf4 17. d4 Ne4 18. Bd3 g5 19. Ne5 Bf5 20. Qh5 Rxe5 21.
dxe5 Qxd3 22. Qxh6 Qd8 23. Rad1 Qe7 24. f3 Qc5+ 25. Kh1 Nf2+ 26. Rxf2 Qxf2 27.
Qxg5+ Bg6 28. e6 Qe2 29. exf7+ Kh7 30. Qh4+ Kg7 31. Re1 Qd2 32. h3 Rf8 33. Re7
Rxf7 34. Re8 Rf8 35. Re7+ Rf7 36. Re8 Rf8 37. Qe7+ Rf7 38. Qh4 1/2-1/2

[Event "Landesklasse Ost 2011/2012"]
[Site "?"]
[Date "2011.01.08"]
[Round "5"]
[White "Gebuhr, Günter"]
[Black "Kupper, Matthias"]
[Result "1-0"]
[WhiteElo "1759"]
[BlackElo "1746"]
[PlyCount "43"]
[EventDate "2011.??.??"]
[WhiteTeam "SSV Vimaria 91 Weimar"]
[BlackTeam "ESV Gera"]

1. e4 c5 2. Nf3 d6 3. d4 cxd4 4. Nxd4 Nf6 5. Nc3 a6 6. Bg5 e6 7. f4 h6 8. Bxf6
gxf6 9. Qd2 Nc6 10. O-O-O h5 11. g3 e5 12. Nf5 Bxf5 13. exf5 Nd4 14. Bg2 Rc8
15. Rhe1 Be7 16. Bxb7 Rc5 17. Qd3 Qc7 18. Qe4 Rc4 19. Qg2 Kd7 20. Bxa6 Rb4 21.
Rxd4 exd4 22. Rxe7+ 1-0

[Event "Landesklasse Ost 2011/2012"]
[Site "?"]
[Date "2011.01.08"]
[Round "5"]
[White "Pähtz, Thomas"]
[Black "Sack, Matthias"]
[Result "1-0"]
[WhiteElo "2361"]
[BlackElo "1972"]
[PlyCount "77"]
[EventDate "2011.??.??"]
[WhiteTeam "ESV Lok Sömmerda"]
[BlackTeam "SV Hermsdorf"]

1. e4 c5 2. Nf3 Nc6 3. d4 cxd4 4. Nxd4 g6 5. c4 Bg7 6. Be3 Nf6 7. Nc3 O-O 8.
Be2 d6 9. O-O Bd7 10. Qd2 Re8 11. f3 Nxd4 12. Bxd4 Bc6 13. b4 b6 14. Rac1 Nd7
15. Bxg7 Kxg7 16. f4 a5 17. a3 axb4 18. axb4 Nf6 19. Bd3 Kg8 20. h3 Ra3 21. Qb2
Qa8 22. Ra1 Rxa1 23. Rxa1 Qb7 24. Re1 e5 25. b5 Bd7 26. Qf2 exf4 27. Qd4 Re6
28. Na4 Be8 29. Nxb6 d5 30. Nxd5 Nxd5 31. cxd5 Rb6 32. d6 Bd7 33. Rc1 Qb8 34.
Rc7 Bxb5 35. Bxb5 Rxb5 36. Qc4 Rb1+ 37. Kh2 Qb3 38. Qxb3 Rxb3 39. d7 1-0

[Event "Landesklasse Ost 2011/2012"]
[Site "?"]
[Date "2011.01.08"]
[Round "5"]
[White "Moje, Hans-Jürgen"]
[Black "Wanzek, Daniel"]
[Result "0-1"]
[WhiteElo "1833"]
[BlackElo "2093"]
[PlyCount "44"]
[EventDate "2011.??.??"]
[WhiteTeam "SV Hermsdorf"]
[BlackTeam "ESV Lok Sömmerda"]

1. e4 d5 2. exd5 Qxd5 3. Nc3 Qa5 4. Nf3 Nf6 5. d4 Bg4 6. h3 Bh5 7. g4 Bg6 8.
Ne5 e6 9. Nc4 Qa6 10. Bf4 Qc6 11. f3 Bb4 12. Bd2 Nbd7 13. Ne5 Qb6 14. a3 Bd6
15. Nc4 Bg3+ 16. Ke2 Qxd4 17. Ne3 Ne5 18. Be1 Qf4 19. Bg2 Nc4 20. Bd2 O-O-O 21.
Nb1 Nxe3 22. Bxe3 Qc4+ 0-1

[Event "Landesklasse Ost 2011/2012"]
[Site "?"]
[Date "2011.01.08"]
[Round "5"]
[White "Kühn, Martin"]
[Black "Hadlich, Gerald"]
[Result "1-0"]
[WhiteElo "1943"]
[BlackElo "1839"]
[PlyCount "154"]
[EventDate "2011.??.??"]
[WhiteTeam "ESV Lok Sömmerda"]
[BlackTeam "SV Hermsdorf"]

1. d4 f5 2. c4 Nf6 3. Nf3 d6 4. Nc3 g6 5. Bf4 Bg7 6. e3 O-O 7. Bd3 c6 8. Rc1
Qe8 9. Qd2 Nh5 10. Bg3 e5 11. Be2 Nd7 12. d5 Nxg3 13. hxg3 c5 14. Nb5 Qe7 15.
Nc7 Rb8 16. Ne6 Re8 17. Nfg5 Nf6 18. Nxg7 Kxg7 19. f3 h6 20. Nh3 Bd7 21. Nf2
Rh8 22. Rc3 b6 23. Ra3 a5 24. Bd1 Rbe8 25. Bc2 f4 26. gxf4 exf4 27. e4 Nh5 28.
Ba4 Bxa4 29. Rxa4 Qg5 30. Rg1 Qg3 31. Kd1 Qh2 32. Qe1 Qh4 33. Qd2 Qf6 34. Ra3
g5 35. Rb3 Rb8 36. Ng4 Qe7 37. Qc3+ Nf6 38. Re1 Kg6 39. e5 Nxg4 40. Qd3+ Kf7
41. e6+ Kg7 42. fxg4 Qf6 43. Qe4 a4 44. Rb5 Rhe8 45. Qc2 Qd4+ 46. Kc1 a3 47.
bxa3 f3 48. Qb2 Qxb2+ 49. Rxb2 fxg2 50. Rxg2 b5 51. Rf2 Re7 52. Ref1 bxc4 53.
Rf7+ Rxf7 54. Rxf7+ Kg6 55. Rd7 Rb6 56. Rd8 Kf6 57. Rh8 Rb7 58. Rf8+ Ke5 59.
Rf7 Rb8 60. Rf5+ Ke4 61. a4 h5 62. Rxg5 hxg4 63. a5 Kf3 64. e7 Re8 65. Rg7 g3
66. a6 g2 67. Kd2 Kf2 68. a7 g1=Q 69. Rxg1 Kxg1 70. Kc3 Kf2 71. Kxc4 Ke3 72.
Kb5 c4 73. Kc6 c3 74. Kd7 c2 75. Kxe8 c1=Q 76. a8=Q Qc5 77. Qc6 Qd4 1-0

[Event "Landesklasse Ost 2011/2012"]
[Site "?"]
[Date "2011.01.08"]
[Round "5"]
[White "Pietzsch, Gerhard"]
[Black "Siegemund, Joachim"]
[Result "1/2-1/2"]
[WhiteElo "1787"]
[BlackElo "2043"]
[PlyCount "59"]
[EventDate "2011.??.??"]
[WhiteTeam "SV Hermsdorf"]
[BlackTeam "ESV Lok Sömmerda"]

1. e4 e6 2. d4 d5 3. Nc3 Bb4 4. e5 c5 5. a3 Bxc3+ 6. bxc3 Ne7 7. Nf3 Bd7 8. a4
Qa5 9. Bd2 Nbc6 10. Be2 f6 11. c4 Qc7 12. cxd5 Nxd5 13. c3 O-O 14. O-O fxe5 15.
dxe5 Nxe5 16. Nxe5 Qxe5 17. c4 Nf6 18. Bf3 Qc7 19. Qe2 Rae8 20. Bc3 Bc6 21.
Bxc6 Qxc6 22. Qe5 Rf7 23. f3 Rd7 24. Rfe1 Qd6 25. Qg5 Rf8 26. Be5 Qc6 27. a5 b6
28. axb6 axb6 29. Rad1 Rff7 30. Ra1 1/2-1/2

[Event "Landesklasse Ost 2011/2012"]
[Site "?"]
[Date "2011.01.08"]
[Round "5"]
[White "Kalisch, Michael"]
[Black "Plötner, Jens"]
[Result "1-0"]
[WhiteElo "1926"]
[BlackElo "1769"]
[PlyCount "51"]
[EventDate "2011.??.??"]
[WhiteTeam "ESV Lok Sömmerda"]
[BlackTeam "SV Hermsdorf"]

1. e4 c6 2. d4 d5 3. Nd2 dxe4 4. Nxe4 Nd7 5. Bd3 Ngf6 6. Ng5 e6 7. N1f3 Bd6 8.
Qe2 O-O 9. Nxe6 Bb4+ 10. c3 fxe6 11. cxb4 Nb6 12. O-O Qd6 13. a3 Ng4 14. Qe4
Nf6 15. Qh4 Nbd5 16. Bg5 Bd7 17. Ne5 Be8 18. Bxf6 Nxf6 19. Rad1 Rd8 20. Rfe1 g6
21. Bc2 Bd7 22. Re3 Nd5 23. Bxg6 hxg6 24. Rh3 Kg7 25. Qh7+ Kf6 26. Rf3+ 1-0

[Event "Landesklasse Ost 2011/2012"]
[Site "?"]
[Date "2011.01.08"]
[Round "5"]
[White "Hädrich, Dirk"]
[Black "Kühn, Karsten"]
[Result "1-0"]
[WhiteElo "1766"]
[BlackElo "1938"]
[PlyCount "119"]
[EventDate "2011.??.??"]
[WhiteTeam "SV Hermsdorf"]
[BlackTeam "ESV Lok Sömmerda"]

1. d4 e6 2. e4 d5 3. Nd2 Nf6 4. e5 Nfd7 5. f4 c5 6. c3 Nc6 7. Ngf3 Qb6 8. Nb3
a5 9. a4 cxd4 10. Nfxd4 Nxd4 11. Nxd4 Bc5 12. Bb5 O-O 13. Be3 f6 14. exf6 Nxf6
15. Qe2 Ne4 16. O-O Qc7 17. Bd3 Bd7 18. Bxe4 dxe4 19. Nb5 Qb6 20. Bxc5 Qxc5+
21. Nd4 Bc6 22. Qe3 Rf6 23. b3 Raf8 24. Rae1 b5 25. Nxc6 Qxc6 26. axb5 Qxb5 27.
c4 Qb4 28. Rc1 Rd8 29. Rfd1 Rb8 30. Rc3 Rbf8 31. g3 e5 32. Rf1 g5 33. f5 Rxf5
34. Rxf5 Rxf5 35. Qxe4 Qb6+ 36. Qe3 Qf6 37. c5 Rf1+ 38. Kg2 Rd1 39. Qe2 Qc6+
40. Kf2 Rh1 41. Qxe5 Rxh2+ 42. Ke3 Rh6 43. Qxg5+ Rg6 44. Qd8+ Kf7 45. Qh4 Qe6+
46. Kd2 Rh6 47. Qc4 Rh2+ 48. Kd3 Rg2 49. Qxe6+ Kxe6 50. Kc4 Kd7 51. Kb5 Ra2 52.
Kb6 a4 53. c6+ Kc8 54. Rf3 Rd2 55. Rf8+ Rd8 56. Rxd8+ Kxd8 57. c7+ Kc8 58. bxa4
h5 59. a5 h4 60. gxh4 1-0

[Event "Landesklasse Ost 2011/2012"]
[Site "?"]
[Date "2011.01.08"]
[Round "5"]
[White "Vogel, Alfred"]
[Black "Markowski, Erhard"]
[Result "0-1"]
[WhiteElo "1829"]
[BlackElo "1704"]
[PlyCount "102"]
[EventDate "2011.??.??"]
[WhiteTeam "ESV Lok Sömmerda"]
[BlackTeam "SV Hermsdorf"]

1. e4 c5 2. Nc3 Nc6 3. g3 e5 4. Bg2 Nf6 5. d3 Be7 6. f4 d6 7. f5 Nd4 8. Nf3 Bd7
9. Nxd4 cxd4 10. Ne2 Qb6 11. O-O O-O 12. Kh1 Rfc8 13. c4 dxc3 14. bxc3 Ng4 15.
d4 Bb5 16. h3 Nf6 17. Bd2 Bd3 18. Bg5 Qa6 19. Bf3 Rc7 20. Bxf6 Bxf6 21. Qd2 h6
22. h4 exd4 23. Rfd1 Bxe2 24. Bxe2 dxc3 25. Qc2 Qb6 26. Kg2 Qe3 27. Bf3 Be5 28.
Rd3 Qc5 29. g4 Bf4 30. Rd5 Qa3 31. Rb1 Rac8 32. Be2 a6 33. Bd3 Be5 34. g5 Kh7
35. Be2 b5 36. Bg4 f6 37. Kf1 Rc4 38. Rb3 Qa4 39. Bf3 Rd4 40. Rxd4 Qxd4 41. Rb1
Qe3 42. g6+ Kg8 43. Kg2 Qf4 44. Bd1 Qg3+ 45. Kf1 Qf4+ 46. Kg2 Rc4 47. a4 Qh2+
48. Kf1 Qh1+ 49. Ke2 Qg2+ 50. Ke3 Qg3+ 51. Ke2 Bd4 0-1

[Event "Landesklasse Ost 2011/2012"]
[Site "?"]
[Date "2011.01.08"]
[Round "5"]
[White "Pietsch, Karsten"]
[Black "Kirste, Olaf"]
[Result "0-1"]
[WhiteElo "1669"]
[BlackElo "1866"]
[PlyCount "60"]
[EventDate "2011.??.??"]
[WhiteTeam "SV Hermsdorf"]
[BlackTeam "ESV Lok Sömmerda"]

1. d4 g6 2. c4 Bg7 3. Nc3 Nf6 4. e4 d6 5. Be2 O-O 6. Bg5 c6 7. Qd2 Re8 8. Nf3
Qc7 9. h3 Nbd7 10. Rd1 a6 11. a4 e5 12. dxe5 dxe5 13. O-O Nc5 14. Qc2 Ne6 15.
Be3 Nh5 16. b4 Bf8 17. Qb2 Nef4 18. a5 Bd7 19. Bb6 Qc8 20. Kh2 Bxh3 21. Ng5
Bxg2 22. Rg1 Be7 23. Rxg2 Nxg2 24. Bxh5 Nf4 25. Rg1 Nxh5 26. Ne2 f6 27. Nh3 Qe6
28. Qb3 Kh8 29. Qd3 Bd8 30. Bc5 Bc7 0-1

[Event "Landesklasse Ost 2011/2012"]
[Site "?"]
[Date "2011.01.08"]
[Round "5"]
[White "Liebold, Thomas"]
[Black "Rauhut, Frank"]
[Result "1-0"]
[WhiteElo "2041"]
[BlackElo "1900"]
[PlyCount "43"]
[EventDate "2011.??.??"]
[WhiteTeam "TSV Zeulenroda"]
[BlackTeam "SV Jenapharm Jena"]

1. e4 g6 2. d4 Bg7 3. Nc3 c5 4. d5 d6 5. Be2 Nf6 6. Be3 a6 7. f4 O-O 8. g4 Ne8
9. Qd2 e6 10. dxe6 fxe6 11. Bxc5 Nc6 12. Be3 Qh4+ 13. Bf2 Qf6 14. Bg3 b5 15.
Nf3 Bb7 16. O-O-O b4 17. Na4 Qd8 18. Bc4 d5 19. Bb3 Na5 20. Qxb4 Nxb3+ 21. axb3
Qc8 22. Nb6 1-0

[Event "Landesklasse Ost 2011/2012"]
[Site "?"]
[Date "2011.01.08"]
[Round "5"]
[White "Krabel, Stefan"]
[Black "Skibbe, Diana"]
[Result "1/2-1/2"]
[WhiteElo "1848"]
[BlackElo "1978"]
[PlyCount "89"]
[EventDate "2011.??.??"]
[WhiteTeam "SV Jenapharm Jena"]
[BlackTeam "TSV Zeulenroda"]

1. c4 f5 2. g3 Nf6 3. Bg2 g6 4. Nc3 Bg7 5. d3 d6 6. e3 O-O 7. Nge2 e5 8. O-O
Nc6 9. Rb1 Rb8 10. b4 a6 11. a4 Ne7 12. d4 Be6 13. d5 Bd7 14. c5 Qe8 15. e4 Nh5
16. exf5 gxf5 17. f4 e4 18. Qb3 Kh8 19. Be3 Nf6 20. h3 Qg6 21. Kf2 Rfd8 22.
Rbd1 Be8 23. cxd6 Rxd6 24. Bc5 Rd7 25. d6 cxd6 26. Rxd6 Neg8 27. Rfd1 Rxd6 28.
Bxd6 Rc8 29. Bc5 Bf7 30. Qb1 Nh5 31. Rd6 Ngf6 32. Qd1 Bg8 33. Rd8 Rxd8 34. Qxd8
Qf7 35. Qe7 Qc4 36. Qxb7 Qd3 37. Be3 Nxg3 38. Nxg3 Qxc3 39. Nxf5 Bf8 40. Bf1
Bd5 41. Qb6 Kg8 42. Qd8 Kf7 43. Nd6+ Kg7 44. Nf5+ Kf7 45. Nd6+ 1/2-1/2

[Event "Landesklasse Ost 2011/2012"]
[Site "?"]
[Date "2011.01.08"]
[Round "5"]
[White "Ahnert, Toni"]
[Black "Jung, Florian"]
[Result "1-0"]
[WhiteElo "1926"]
[BlackElo "1819"]
[PlyCount "55"]
[EventDate "2011.??.??"]
[WhiteTeam "TSV Zeulenroda"]
[BlackTeam "SV Jenapharm Jena"]

1. e4 c6 2. d4 d5 3. e5 Bf5 4. Nc3 e6 5. g4 Bg6 6. Nge2 Nd7 7. h4 h6 8. Nf4 Ne7
9. h5 Bh7 10. Bd3 Bxd3 11. Nxd3 c5 12. dxc5 Nc6 13. Bf4 Nxc5 14. Nxc5 Bxc5 15.
Qd3 Qb6 16. O-O Qb4 17. Ne2 Nxe5 18. Bxe5 Qxg4+ 19. Ng3 O-O 20. Kg2 f6 21. f3
Qg5 22. f4 Qh4 23. Bd4 Bd6 24. Be3 Rac8 25. c3 Bc5 26. Rae1 Bxe3 27. Rxe3 Rfe8
28. Qg6 1-0

[Event "Landesklasse Ost 2011/2012"]
[Site "?"]
[Date "2011.01.08"]
[Round "5"]
[White "Wicklein, Stefan"]
[Black "Jacke, Corinna"]
[Result "1-0"]
[WhiteElo "1963"]
[BlackElo "1885"]
[PlyCount "61"]
[EventDate "2011.??.??"]
[WhiteTeam "SV Jenapharm Jena"]
[BlackTeam "TSV Zeulenroda"]

1. d4 e6 2. g3 f5 3. Bg2 Nf6 4. Nh3 Be7 5. O-O O-O 6. c4 d5 7. b3 c6 8. Ba3
Bxa3 9. Nxa3 Qe7 10. Nc2 Rd8 11. Qc1 e5 12. dxe5 Qxe5 13. Qe3 Qxe3 14. Nxe3 d4
15. Rfd1 Na6 16. Nc2 c5 17. Rd3 Rb8 18. e3 f4 19. Nxf4 Bf5 20. Rd2 d3 21. Ne1
Nb4 22. Rad1 Rd7 23. a3 Nc6 24. Nexd3 Rbd8 25. Nd5 Bxd3 26. Rxd3 Kf7 27. Nf4
Na5 28. Rxd7+ Rxd7 29. Rxd7+ Nxd7 30. b4 Nb3 31. Bxb7 1-0

[Event "Landesklasse Ost 2011/2012"]
[Site "?"]
[Date "2011.01.08"]
[Round "5"]
[White "Barth, Christian"]
[Black "Vater, Rainer"]
[Result "0-1"]
[WhiteElo "1788"]
[BlackElo "1763"]
[PlyCount "110"]
[EventDate "2011.??.??"]
[WhiteTeam "TSV Zeulenroda"]
[BlackTeam "SV Jenapharm Jena"]

1. e4 d5 2. exd5 Qxd5 3. Nc3 Qd6 4. d4 a6 5. Bd3 Nf6 6. Nge2 Bg4 7. f3 Bh5 8.
Bf4 Qd7 9. Qd2 e6 10. O-O-O Bb4 11. Be5 Qe7 12. a3 Ba5 13. Qg5 Bxc3 14. Bxf6
Qxf6 15. Qxh5 Bxb2+ 16. Kxb2 Nc6 17. Qc5 Rd8 18. Bxa6 Rd5 19. Qc3 O-O 20. Bc4
Rg5 21. d5 Ne5 22. Bb3 Rxg2 23. Nd4 exd5 24. Bxd5 Rd8 25. Nb3 g6 26. f4 Rxd5
27. fxe5 Rxe5 28. Rhe1 Rf5 29. Re8+ Kg7 30. Rd7 Qxc3+ 31. Kxc3 Rff2 32. Rd2
Rxh2 33. Re7 Rh3+ 34. Rd3 Rhh2 35. Rd2 Rh3+ 36. Kb4 Rxb3+ 37. cxb3 Rxd2 38. a4
Rc2 39. a5 h5 40. Re3 Rc6 41. Ka4 Re6 42. Rd3 Re4+ 43. Ka3 Re5 44. Ka4 h4 45.
b4 c6 46. Kb3 g5 47. Kc4 g4 48. Rd4 Rg5 49. Rd7 g3 50. Rxb7 g2 51. Rc7 g1=Q 52.
a6 Rg4+ 53. Kb3 Rg3+ 54. Kc4 Qc1+ 55. Kd4 Qe3+ 0-1

[Event "Landesklasse Ost 2011/2012"]
[Site "?"]
[Date "2011.01.08"]
[Round "5"]
[White "Wagner, Günther"]
[Black "Wolfram, Thomas"]
[Result "1-0"]
[WhiteElo "1811"]
[BlackElo "1807"]
[PlyCount "85"]
[EventDate "2011.??.??"]
[WhiteTeam "SV Jenapharm Jena"]
[BlackTeam "TSV Zeulenroda"]

1. e4 d6 2. d4 g6 3. Nc3 Bg7 4. Bc4 Nf6 5. Bb3 O-O 6. h3 Nbd7 7. Be3 e5 8. Qd2
exd4 9. Bxd4 Qe7 10. f3 Nc5 11. O-O-O Nxb3+ 12. cxb3 Be6 13. Nge2 c6 14. h4 d5
15. exd5 Bxd5 16. Nxd5 Nxd5 17. Bxg7 Kxg7 18. h5 Rad8 19. hxg6 fxg6 20. Qh6+
Kg8 21. Rd2 Nb4 22. Nc3 Rxd2 23. Qxd2 Rd8 24. Qh6 Nd3+ 25. Kb1 Nf2 26. Rf1 b5
27. a3 a5 28. Ka2 Nd3 29. Rh1 Nc5 30. Rh4 Qf7 31. Kb1 Nxb3 32. Ne4 Rd1+ 33. Kc2
Rc1+ 34. Kd3 Rd1+ 35. Ke2 Rd7 36. Rf4 Nd4+ 37. Kf2 Nf5 38. Qh3 Kg7 39. g4 Qb3
40. gxf5 Qxb2+ 41. Kg3 Rd1 42. f6+ Kf8 43. Qh6+ 1-0

[Event "Landesklasse Ost 2011/2012"]
[Site "?"]
[Date "2011.01.08"]
[Round "5"]
[White "Werner, Daniel"]
[Black "Fauth, Frank"]
[Result "1/2-1/2"]
[WhiteElo "1695"]
[BlackElo "1754"]
[PlyCount "67"]
[EventDate "2011.??.??"]
[WhiteTeam "TSV Zeulenroda"]
[BlackTeam "SV Jenapharm Jena"]

1. e4 d5 2. exd5 Qxd5 3. Nc3 Qa5 4. d4 Nf6 5. Bd3 c6 6. Nge2 Bg4 7. O-O e6 8.
h3 Bxe2 9. Nxe2 Be7 10. c3 O-O 11. Bf4 Nbd7 12. Qc2 c5 13. dxc5 Qxc5 14. Rad1
Nb6 15. Be3 Qc7 16. Bg5 g6 17. Bf4 Qc8 18. Nd4 a6 19. Nf3 Nbd5 20. Bg5 Kg7 21.
Qc1 Ng8 22. Bxe7 Ngxe7 23. Bc2 Nc6 24. Bb3 Nf6 25. Rfe1 Qc7 26. Rd3 Rad8 27.
Red1 Rxd3 28. Rxd3 Rd8 29. Qd1 Rxd3 30. Qxd3 Ne5 31. Qe2 Nc6 32. Bc2 Qd6 33.
Qd2 Qxd2 34. Nxd2 1/2-1/2

[Event "Landesklasse Ost 2011/2012"]
[Site "?"]
[Date "2011.01.08"]
[Round "5"]
[White "Asmykovich, Ihar"]
[Black "Riemer, Marion"]
[Result "0-1"]
[WhiteElo "1780"]
[BlackElo "1721"]
[PlyCount "102"]
[EventDate "2011.??.??"]
[WhiteTeam "SV Jenapharm Jena"]
[BlackTeam "TSV Zeulenroda"]

1. d4 e6 2. c4 f5 3. g3 Nf6 4. Bg2 Be7 5. Nh3 c6 6. Nc3 O-O 7. O-O d5 8. cxd5
exd5 9. Rb1 Ne4 10. f3 Ng5 11. b4 Nxh3+ 12. Bxh3 Bf6 13. Be3 Qe7 14. Bf2 Be6
15. Qd3 Nd7 16. b5 c5 17. Rfe1 c4 18. Qc2 g6 19. e4 fxe4 20. Bxe6+ Qxe6 21.
fxe4 dxe4 22. Nxe4 Qd5 23. Nc3 Qf7 24. Ne4 Qd5 25. Nxf6+ Rxf6 26. Qe4 Rf5 27.
g4 Qxe4 28. Rxe4 Rd5 29. Re7 Rc8 30. Rbe1 c3 31. Be3 c2 32. Bh6 Rxd4 33. Kf2
Nf6 34. h3 Rd3 35. Rg7+ Kh8 36. Rxb7 Rxh3 37. Bg7+ Kg8 38. Kg2 Rd3 39. Bxf6
c1=Q 40. Rxc1 Rxc1 41. Re7 Rc2+ 42. Kf1 Rd1+ 43. Re1 Rxe1+ 44. Kxe1 Rxa2 45.
Bd4 Ra5 46. Kf2 Rxb5 47. Bxa7 Rb3 48. g5 Kf7 49. Bd4 Ke6 50. Bc5 Kf5 51. Be7
Kg4 0-1

[Event "Landesklasse Ost 2011/2012"]
[Site "?"]
[Date "2011.01.08"]
[Round "5"]
[White "Steinacker, Alex"]
[Black "Schlachetka, Werner"]
[Result "1-0"]
[WhiteElo "2118"]
[BlackElo "1901"]
[PlyCount "67"]
[EventDate "2011.??.??"]
[WhiteTeam "Erfurter Schachklub"]
[BlackTeam "SV Schott Jena"]

1. Nc3 c5 2. e4 Nc6 3. g3 g6 4. Bg2 Bg7 5. d3 d6 6. Nf3 e5 7. O-O Nge7 8. Bg5
f6 9. Be3 Be6 10. Nd2 Qd7 11. Nc4 Nd4 12. a4 b6 13. f4 Rb8 14. Qd2 O-O 15. Nd5
Nxd5 16. exd5 Bh3 17. Bxh3 Qxh3 18. Bxd4 exd4 19. Qg2 Qd7 20. f5 a6 21. b3 b5
22. Nd2 Bh6 23. Ne4 Be3+ 24. Kh1 g5 25. axb5 axb5 26. Ra6 Qc7 27. Rc6 Qa7 28.
Nxd6 Kg7 29. Qe4 c4 30. dxc4 bxc4 31. Nxc4 Rfe8 32. Re6 Qd7 33. Ra1 Ra8 34.
Rxa8 1-0

[Event "Landesklasse Ost 2011/2012"]
[Site "?"]
[Date "2011.01.08"]
[Round "5"]
[White "Osterloh, Felix"]
[Black "Streltsyn, Grygoriy"]
[Result "0-1"]
[WhiteElo "1743"]
[BlackElo "2125"]
[PlyCount "40"]
[EventDate "2011.??.??"]
[WhiteTeam "SV Schott Jena"]
[BlackTeam "Erfurter Schachklub"]

1. e4 d6 2. d4 Nf6 3. Nc3 g6 4. f3 Bg7 5. Be3 Nbd7 6. Qd2 O-O 7. O-O-O c6 8. g4
b5 9. h4 h5 10. gxh5 Nxh5 11. Nge2 Qa5 12. a3 Nb6 13. Na2 Qxd2+ 14. Rxd2 Nc4
15. Rd3 Nxe3 16. Rxe3 Bh6 17. Kd2 e5 18. f4 Nxf4 19. Rb3 Be6 20. d5 Nxd5+ 0-1

[Event "Landesklasse Ost 2011/2012"]
[Site "?"]
[Date "2011.01.08"]
[Round "5"]
[White "Troyke, Doreen"]
[Black "Werner, Ernst"]
[Result "1/2-1/2"]
[WhiteElo "2053"]
[BlackElo "1804"]
[PlyCount "26"]
[EventDate "2011.??.??"]
[WhiteTeam "Erfurter Schachklub"]
[BlackTeam "SV Schott Jena"]

1. c4 e5 2. g3 Nf6 3. Bg2 c6 4. d3 d5 5. cxd5 cxd5 6. Nf3 Bb4+ 7. Bd2 Bxd2+ 8.
Nfxd2 Nc6 9. O-O O-O 10. Nc3 Be6 11. Nb3 Qe7 12. d4 e4 13. f3 exf3 1/2-1/2

[Event "Landesklasse Ost 2011/2012"]
[Site "?"]
[Date "2011.01.08"]
[Round "5"]
[White "Fischer, Dieter"]
[Black "Richter, Gerhard"]
[Result "1/2-1/2"]
[WhiteElo "1954"]
[BlackElo "2034"]
[PlyCount "31"]
[EventDate "2011.??.??"]
[WhiteTeam "Erfurter Schachklub"]
[BlackTeam "SV Schott Jena"]

1. e4 e6 2. d3 d5 3. Nd2 Nc6 4. Ngf3 Bc5 5. g3 dxe4 6. Nxe4 Bb6 7. Bg2 e5 8.
O-O Nge7 9. Be3 Bg4 10. Bxb6 axb6 11. Qd2 h6 12. h3 Bxf3 13. Bxf3 O-O 14. Nc3
Qd7 15. Bg2 f5 16. Kh2 1/2-1/2

[Event "Landesklasse Ost 2011/2012"]
[Site "?"]
[Date "2011.01.08"]
[Round "5"]
[White "Vieweg, Klaus"]
[Black "August, Christian"]
[Result "1/2-1/2"]
[WhiteElo "1973"]
[BlackElo "1942"]
[PlyCount "67"]
[EventDate "2011.??.??"]
[WhiteTeam "SV Schott Jena"]
[BlackTeam "Erfurter Schachklub"]

1. Nf3 Nf6 2. g3 g6 3. Bg2 Bg7 4. d4 O-O 5. O-O d6 6. c4 Nbd7 7. Nc3 e5 8. e4
Re8 9. h3 c6 10. Rb1 a5 11. b3 Qc7 12. Re1 exd4 13. Nxd4 Nc5 14. f4 Nfd7 15.
Bb2 Nf8 16. Kh2 Bd7 17. Qd2 Rad8 18. Rbd1 Bc8 19. Qc2 f5 20. Ba3 fxe4 21. Nxe4
Nxe4 22. Rxe4 Rxe4 23. Bxe4 Qd7 24. Qg2 Re8 25. Bf3 Qe7 26. Nc2 Rd8 27. Qd2 Bf5
28. Ne3 Bc8 29. Ng2 Ne6 30. Bxd6 Qf6 31. Qf2 Qc3 32. c5 Bd4 33. Qe2 Bxc5 34.
Bxc5 1/2-1/2

[Event "Landesklasse Ost 2011/2012"]
[Site "?"]
[Date "2011.01.08"]
[Round "5"]
[White "Duzy, Stefan"]
[Black "Holtz, Peter"]
[Result "1-0"]
[WhiteElo "1845"]
[BlackElo "1773"]
[PlyCount "49"]
[EventDate "2011.??.??"]
[WhiteTeam "Erfurter Schachklub"]
[BlackTeam "SV Schott Jena"]

1. Nf3 d5 2. g3 Bg4 3. Bg2 Nc6 4. d4 Qd7 5. O-O O-O-O 6. Ne5 Nxe5 7. dxe5 Bh3
8. a4 h5 9. Nd2 h4 10. Nf3 hxg3 11. fxg3 Bxg2 12. Kxg2 f6 13. Rf2 Nh6 14. Bxh6
Rxh6 15. Qd4 Kb8 16. e4 dxe4 17. Qxe4 Qh3+ 18. Kg1 e6 19. b4 Be7 20. c3 f5 21.
Qf4 Rg8 22. Rd1 g5 23. Qc4 f4 24. Rd7 fxg3 25. Qxc7+ 1-0

[Event "Landesklasse Ost 2011/2012"]
[Site "?"]
[Date "2011.01.08"]
[Round "5"]
[White "Flechsig, Bernd"]
[Black "Rosenhan, Jonas"]
[Result "1/2-1/2"]
[WhiteElo "1692"]
[BlackElo "1630"]
[PlyCount "64"]
[EventDate "2011.??.??"]
[WhiteTeam "SV Schott Jena"]
[BlackTeam "Erfurter Schachklub"]

1. e4 c5 2. Nf3 a6 3. g3 Nc6 4. Bg2 Nf6 5. d3 d5 6. e5 Nd7 7. Qe2 e6 8. c3 Be7
9. O-O O-O 10. Bh3 Re8 11. Re1 Nf8 12. Nfd2 f6 13. f4 fxe5 14. fxe5 Ng6 15. Nf3
b5 16. Na3 d4 17. c4 b4 18. Nb1 Rb8 19. Qe4 Qc7 20. Bg4 Rf8 21. Nbd2 Nd8 22.
Bh5 Rf5 23. Bxg6 hxg6 24. Qg4 g5 25. Ne4 Nf7 26. Nexg5 Bxg5 27. Nxg5 Nxe5 28.
Rxe5 Qxe5 29. Bf4 Rxf4 30. Qxf4 Qxf4 31. gxf4 Rb6 32. Re1 Kf8 1/2-1/2

[Event "Landesklasse Ost 2011/2012"]
[Site "?"]
[Date "2011.02.05"]
[Round "6"]
[White "Vogel, Steffen"]
[Black "Pähtz, Thomas"]
[Result "1/2-1/2"]
[WhiteElo "1804"]
[BlackElo "2361"]
[PlyCount "52"]
[EventDate "2011.??.??"]
[WhiteTeam "SSV Vimaria 91 Weimar"]
[BlackTeam "ESV Lok Sömmerda"]

1. d4 Nf6 2. c4 c5 3. d5 b5 4. Nf3 d6 5. e3 Bb7 6. b3 g6 7. Bb2 Bg7 8. Nbd2 O-O
9. g3 e6 10. dxe6 fxe6 11. Bg2 bxc4 12. bxc4 Nc6 13. O-O Qe7 14. Rb1 Rab8 15.
Qa4 Ba8 16. Rfd1 Rb4 17. Qc2 Rb6 18. a3 Rfb8 19. h4 Nd8 20. Bc3 Rxb1 21. Rxb1
Rxb1+ 22. Qxb1 Qb7 23. Qa1 Ne8 24. Ne1 Bxc3 25. Qxc3 Qb8 26. Ne4 Bxe4 1/2-1/2